Yazın ve yaşam (Record no. 50)

MARC details
000 -BAŞLIK
Sabit Uzunlukta Kontrol Alanı 00622na a2200229 4500
001 - KONTROL NUMARASI
Denetim Alanı 14217
003 - KONTROL NUMARASI IDENTIFIER
Denetim Alanı MIRAKIL
005 - SON İŞLEM TARİHİ VE ZAMANI
Denetim Alanı 20181213154731.0
008 - SABİT-BOY VERİ ELEMANLARI - GENEL BİLGİLER
Sabit Uzunlukta Kontrol Alanı 161031b tu 000 0
035 ## - SİSTEM KONTROL NUMARASI
Sistem Kontrol Numarası 14217
040 ## - KATALOGLAMA KAYNAK
Orijinal Kataloglama Ajansı Milas
Kataloglama Dili tur
Metne Dönüştürmek Ajansı TR-AnCHP
041 ## - DİL KODU
Metin / Ses Parça Veya Ayrı Başlığın Dil Kodu tur
082 ## - DEWEY ONLU SINIFLANDIRMA NUMARASI
Sınıflandırma Numarası 814.42
Ürün Numarası Y91y 1976
090 ## - SINIFLAMA NUMARASI
Sınıflama Numarası 814.42 Y91y 1976
100 ## - ANA GİRİŞ - KİŞİSEL İSİM
Kişisel Ad Yücel, Tahsin
Bir Adıyla İlişkilendirilen Tarihler 1933-2016
245 ## - BAŞLIK TABLOSU
Başlık Yazın ve yaşam
Başlığın Kalan (Denemeler, eleştiriler)
Sorumluluk Tablosu, Vb Tahsin Yücel
260 ## - YAYIN, DAĞITIM, VB
Yayın, Dağıtım, Vb Yeri İstanbul
Yayıncı, Dağıtıcı, Vs Adı Çağdaş Yayınları
Yayın, Dağıtım, Vb Tarihi 1976
300 ## - FİZİKSEL TANIM
Kapsam 189 s.
Boyutlar 20 sm.
650 ## - KONU KATMA GİRİŞ - TOPİKAL DÖNEM
Topikal Süreli Veya Coğrafi Ad Giriş Elemanı Türkçe denemeler
650 ## - KONU KATMA GİRİŞ - TOPİKAL DÖNEM
Topikal Süreli Veya Coğrafi Ad Giriş Elemanı Türk edebiyatı
Genel Alt Bölümü Denemeler
942 ## - EKLENDİ GİRİŞ ELEMANLARI (KOHA)
Sınıflandırma Veya Raf Düzeni Kaynak Dewey Decimal Classification
Koha Öğesi Türü Books
999 ## - SİSTEM KONTROL NUMARALARI (KOHA)
Koha Biblionumber 50
Koha Biblioitemnumber 50
Holdings
Kalıcı Konum Mevcut Konum Edinme Tarihi Edinim Kaynak Toplam Check-Out'Lar Tam Çağrı Numarası Barkod Tarih Son Görülme İtibaren Geçerli Fiyatlar Koha Öğesi Türü
CHP Kütüphanesi CHP Kütüphanesi 08/25/2016 Bağış   814.42 Y91y 1976 002068 08/25/2016 08/25/2016 Books